| 000 | 02235nam0a22003131 4500 | ||
|---|---|---|---|
| 001 | v19\rc\1914951 | ||
| 005 | 20260406004027.0 | ||
| 035 | _a(NLR Aleph) 005265427 | ||
| 090 |
_a5944409 _c5944409 |
||
| 100 | _a20080404e19111910|||y0rusy50 ca | ||
| 101 | 1 |
_arus _cger |
|
| 102 | _aRU | ||
| 105 | _ay cj ||||| | ||
| 200 | 1 |
_aЛекции о диэтетическом лечении внутренних болезней _eС прил. "Указания для диэтетической кухни" _fПроф. Н. Strauss _g!Пер. с нем. д-ра С.М. Вехтера. (Vorlesungen über Diätbehandlung inneren Krankheiten vor reiferen Studierenden und Aerzten von Prof. Dr. H. Strauss in Berlin. Mit einem Anhang "Winke für die diätetische Küche" von Elise Hannemann. 2-e, verm. und verb. Aufl.) |
|
| 210 |
_aСанкт-Петербург _cжурн. "Практ. медицина" (В.С. Эттингер) _d1911 |
||
| 215 |
_a[2], 280, II с. _d24 |
||
| 311 | _aОтт. из журн. "Практ. медицина". 1910, № 1-4, 7, 9-10 | ||
| 454 | 0 |
_12001#$aVorlesungen über Diätbehandlung inneren Krankheiten vor reiferen Studierenden und Aerzten von Prof. Dr. H. Strauss in Berlin$eMit einem Anhang "Winke für die diätetische Küche" von Elise Hannemann _1205##$a2-e, verm. und verb. Aufl. _1700#1$aStrauss$bH.$f1868-1944 _tVorlesungen über Diätbehandlung inneren Krankheiten vor reiferen Studierenden und Aerzten von Prof. Dr. H. Strauss in Berlin _aStrauss, H. (1868-1944) |
|
| 464 | 0 |
_12001#$aУказания для диэтетической кухни$fГанеман Элиза _1700#1$aГанеман$bЭ.$gЭлиза _tУказания для диэтетической кухни _aГанеман, Элиза |
|
| 488 | 0 |
_12001#$aПрактическая медицина$v1910, № 1-4, 7, 9-10 _tПрактическая медицина |
|
| 700 | 1 |
_8rus _7ca _aШтраус _bГ. _f1868-1944 _gГерман _3RU\NLR\AUTH\77113553 _996478 |
|
| 702 | 1 |
_aВехтер _bС.М. _4730 |
|
| 801 | 0 |
_aRU _bNLR _c20080404 _gpsbo |
|
| 801 | 0 |
_aRU _bRuMoRGB _c20080404 _2psbo |
|
| 801 | 1 |
_aRU _bProSoft-M _c20080404 _2rusmarc |
|
| 801 | 2 |
_aRU _bNLR _c20120808 _2rusmarc |
|
| 852 |
_aNLR _j34-5/154 |
||
| 942 | _cBOOK | ||
| 980 | _aNB | ||